| 000 | 01218nam a2200301 i 4500 | ||
|---|---|---|---|
| 001 | bg | ||
| 100 | 1 | _aCypryjański, Jacek. | |
| 245 | 1 | 0 |
_aMetodyczne podstawy ekonomicznej oceny inwestycji informatycznych przedsiębiorstw / _cJacek Cypryjański. |
| 260 |
_aSzczecin : _bWydawnictwo Naukowe Uniwersytetu Szczecińskiego, _c2007. |
||
| 300 |
_a296 s. : _brys. ; _c24 cm. |
||
| 490 |
_aRozprawy i Studia / Uniwersytet Szczeciński, _x0860-27510 _vt. (743) 669 |
||
| 500 | _aNa s. tyt. także t. 743 oznaczający numer kolejny serii Rozprawy i Studia do nr 74 wydawanej przez Wyższą Szkołę Pedagogiczną w Szczecinie. | ||
| 504 | _aBibliogr. s. 279-290. | ||
| 546 | _aStreszcz. ang. | ||
| 650 | 9 |
_aPrzedsiębiorstwo _xinwestycje |
|
| 650 | 9 | _aSystemy informatyczne zarządzania | |
| 650 | 9 | _aEfektywność ekonomiczna | |
| 830 |
_aRozprawy i Studia - Uniwersytet Szczeciński _x0860-2751 _vt. 669 |
||
| 020 | _a9788372416148 | ||
| 040 | _cBPK | ||
| 041 | 0 |
_apol _beng |
|
| 044 | _aPOL | ||
| 080 | _a658.1/.5:005.336.1:004.65 | ||
| 920 | _a978-83-7241-614-8 | ||
| 942 | _cKS | ||
| 008 | s pl f |000 0 pol | ||
| 999 |
_c54369 _d54369 |
||
| 856 |
_uhttp://koha.tu.koszalin.pl/cgi-bin/koha/opac-detail.pl?biblionumber=54369 _yKatalog online BPK |
||